000 00481nam a2200169 i 4500
001 133992
003 ES-MaACL
005 20230906194556.0
007 t|
008 070904s1980 sp ||||1| spa d
100 1 _aWu, Li-chung.
_9117434
245 1 0 _aFrente unido y contrafrente unido /
_cpor Li-chung Wu.
260 _a[S.l.] :
_bLiga Mundial Anticomunista,
_c1980.
300 _a92 p. ;
_c19 cm.
650 1 4 _aAnticomunismo.
_99852
852 _aES-MaACL
_jC-13452
_bR.100549
999 _c133992
_d133992